South American Countries by Subdivisions - Statistics

General Stats
  • This quiz has been taken 33 times
  • The average score is 12 of 12
Answer Stats
Subdivisions Country % Correct
Buenos Aires, Cordoba, Santa Fe Argentina
100%
Amazonas, Rio de Janeiro, Parana Brazil
100%
Guayas, Galapagos, Pichincha Ecuador
100%
Santa Cruz, Cochabamba, La Paz Bolivia
97%
Valparaiso, Antofagasta, Biobio Chile
97%
La Libertad, Cusco, Arequipa Peru
97%
Montevideo, Salto, Canelones Uruguay
97%
Antioquia, Bolivar, Valle del Cauca Colombia
94%
Alto Parana, Itapua, Presidente Hayes Paraguay
94%
Paramaribo, Wanica, Sipaliwini Suriname
94%
Demerara-Mahaica, East Berbice-Corentyne, Barima-Waini Guyana
91%
Zulia, Miranda, Carabobo Venezuela
91%
No matching quizzes found
Score Distribution
Percent of People with Each Score
Percentile by Number Answered
Your Score History
You have not taken this quiz